La familia en el comunismo / (Record no. 109152)

MARC details
000 -LEADER
campo de control de longitud fija 00460nam a2200157 4500
001 - NÚMERO DE CONTROL
campo de control 109152
003 - IDENTIFICADOR DE NÚMERO DE CONTROL
campo de control ES-MaACL
005 - FECHA Y HORA DE LA ÚLTIMA TRANSACCIÓN
campo de control 20230906184803.0
007 - CAMPO FIJO DE DESCRIPCIÓN FÍSICA--INFORMACIÓN GENERAL
campo de control de longitud fija t|
008 - DATOS DE LONGITUD FIJA--INFORMACIÓN GENERAL
campo de control de longitud fija 061121s1965 sp r ||||1| spa d
100 1# - ENTRADA PRINCIPAL--NOMBRE DE PERSONA
Nombre de persona Oliver Román, Miguel.
9 (RLIN) 86844
245 13 - MENCIÓN DEL TÍTULO
Título La familia en el comunismo /
Mención de responsabilidad, etc. Miguel Oliver Román.
260 ## - PUBLICACIÓN, DISTRIBUCIÓN, ETC.
Lugar de publicación, distribución, etc. Madrid :
Nombre del editor, distribuidor, etc. Euramérica,
Fecha de publicación, distribución, etc. [1965 (
Fabricante Artes Gráf. Ibarra])
300 ## - DESCRIPCIÓN FÍSICA
Extensión 136 p. ;
Dimensiones 18 cm.
852 ## - LOCALIZACIÓN
Ubicación ES-MaACL
Número de control de estantería C-28548
Sublocalización o colección R.58025
Holdings
Estatus retirado Estado de pérdida Estado de daño No para préstamo Biblioteca de origen Biblioteca actual Ubicación en estantería Fecha de adquisición Fuente de adquisición Total de préstamos Signatura topográfica completa Código de barras Visto por última vez Precio de reemplazo Tipo de ítem Koha
        Biblioteca del Ateneo de Madrid Biblioteca del Ateneo de Madrid Depósito 2 17/01/2008     C-28548 1113890 23/02/2023 23/02/2023 Libro impreso